General Knowledge Tile Quiz - No. 2 - Statistics

General Stats
  • This quiz has been taken 39 times
  • The average score is 76 of 112
Answer Stats
Question Tile Select % Correct
US State Capitals: New York No
89%
Creatures that feature in the Chinese Zodiac: Unicorn No
89%
Flags of African Nations: No
86%
Creatures that feature in the Chinese Zodiac: Camel No
86%
Creatures that feature in the Chinese Zodiac: Crow No
86%
North American Island Nations: Falkland Islands No
86%
That are Stars in the sky: Hercules No
86%
That are Stars in the sky: Madonna No
86%
North American Island Nations: Palau No
86%
Creatures that feature in the Chinese Zodiac: Pig Yes
86%
That are Stars in the sky: Polaris Yes
86%
That are Stars in the sky: Riyadh No
86%
That are Stars in the sky: Vegemite No
86%
Flags of African Nations: No
83%
Flags of African Nations: No
83%
Flags of African Nations: No
83%
Flags of African Nations: No
83%
North American Island Nations: Cuba Yes
83%
North American Island Nations: Curacao No
83%
North American Island Nations: Dominica Yes
83%
Creatures that feature in the Chinese Zodiac: Dragon Yes
83%
North American Island Nations: Galapagos No
83%
US State Capitals: Hamilton No
83%
Creatures that feature in the Chinese Zodiac: Monkey Yes
83%
North American Island Nations: Seychelles No
83%
Creatures that feature in the Chinese Zodiac: Stag No
83%
Flags of African Nations: No
80%
North American Island Nations: Barbados Yes
80%
US State Capitals: Carson City Yes
80%
North American Island Nations: Comoros No
80%
That are Stars in the sky: Jupiter No
80%
US State Capitals: New Orleans No
80%
US State Capitals: Oakland No
80%
Creatures that feature in the Chinese Zodiac: Ox Yes
80%
Creatures that feature in the Chinese Zodiac: Rat Yes
80%
That are Stars in the sky: Sirius Yes
80%
Creatures that feature in the Chinese Zodiac: Snake Yes
80%
Flags of African Nations: No
77%
US State Capitals: Anchorage No
77%
Creatures that feature in the Chinese Zodiac: Frog No
77%
That are Rodents: Hamster Yes
77%
North American Island Nations: Jamaica Yes
77%
US State Capitals: Montgomery Yes
77%
Creatures that feature in the Chinese Zodiac: Rabbit Yes
77%
That are Rodents: Rat Yes
77%
Movies of which the score and/or songs were composed by John Williams. The Good, the bad and the Ugly No
77%
Creatures that feature in the Chinese Zodiac: Wolf No
77%
North American Island Nations: Antigua Yes
74%
US State Capitals: Helena Yes
74%
That are Stars in the sky: Hermes No
74%
US State Capitals: Providence Yes
74%
North American Island Nations: St. Lucia Yes
74%
Flags of African Nations: Yes
71%
Flags of African Nations: Yes
71%
US State Capitals: Boston Yes
71%
North American Island Nations: Grenada Yes
71%
That are Rodents: Raccoon No
71%
North American Island Nations: St. Martin No
71%
North American Island Nations: St. Vincent Yes
71%
That are Stars in the sky: Sun Yes
71%
That are Stars in the sky: Argos No
69%
That are Stars in the sky: Betelgeuse Yes
69%
US State Capitals: Dover Yes
69%
Movies of which the score and/or songs were composed by John Williams. E.T. Yes
69%
That are Rodents: Mongoose No
69%
US State Capitals: Olympia Yes
69%
Movies of which the score and/or songs were composed by John Williams. Taxi Driver No
69%
Creatures that feature in the Chinese Zodiac: Tiger Yes
69%
Flags of African Nations: Yes
66%
Flags of African Nations: Yes
66%
Creatures that feature in the Chinese Zodiac: Cat No
66%
That are Rodents: Gerbil Yes
66%
US State Capitals: Hartford Yes
66%
That are Rodents: Hedgehog No
66%
Movies of which the score and/or songs were composed by John Williams. Planet of the Apes (1968) No
66%
Movies of which the score and/or songs were composed by John Williams. Schindler's List Yes
66%
That are Stars in the sky: Vega Yes
66%
Flags of African Nations: Yes
63%
Flags of African Nations: Yes
63%
North American Island Nations: Hispaniola No
63%
Movies of which the score and/or songs were composed by John Williams. Lawrence of Arabia No
63%
That are Rodents: Mouse Yes
63%
Flags of African Nations: Yes
60%
Flags of African Nations: Yes
60%
That are Stars in the sky: Rigel Yes
60%
US State Capitals: Santa Fe Yes
60%
That are Rodents: Skunk No
60%
Movies of which the score and/or songs were composed by John Williams. Titanic No
60%
US State Capitals: Jacksonville No
57%
Movies of which the score and/or songs were composed by John Williams. Jurassic Park Yes
57%
Movies of which the score and/or songs were composed by John Williams. Out of Africa No
57%
That are Rodents: Squirrel Yes
57%
US State Capitals: St. Louis No
57%
Creatures that feature in the Chinese Zodiac: Goat Yes
51%
Movies of which the score and/or songs were composed by John Williams. Jaws Yes
51%
That are Rodents: Meerkat No
51%
Movies of which the score and/or songs were composed by John Williams. Star Wars Yes
51%
That are Rodents: Weasel No
51%
That are Rodents: Capybara Yes
49%
Movies of which the score and/or songs were composed by John Williams. Close Encounters Yes
49%
Flags of African Nations: Yes
46%
That are Stars in the sky: Antares Yes
46%
Movies of which the score and/or songs were composed by John Williams. The Godfather No
46%
That are Stars in the sky: Arcturus Yes
43%
That are Stars in the sky: Castor Yes
43%
That are Rodents: Ferret No
37%
That are Rodents: Groundhog Yes
29%
Movies of which the score and/or songs were composed by John Williams. Empire of the Sun Yes
26%
Movies of which the score and/or songs were composed by John Williams. Home Alone Yes
26%
That are Rodents: Beaver Yes
23%
That are Rodents: Porcupine Yes
23%
Movies of which the score and/or songs were composed by John Williams. Fiddler on the Roof Yes
11%
No matching quizzes found
Score Distribution
Percent of People with Each Score
Percentile by Number Answered
Your Score History
You have not taken this quiz